Cuentos ecológicos y mitológicos

Guardat en:
Dades bibliogràfiques
Autors principals: Balcells, Jacqueline (Autor), Güiraldes, Ana María (Autor)
Format: Llibre
Idioma:espanyol
Publicat: Santiago Andrés Bello 1990
Edició:1a. ed
Matèries:
Etiquetes: Afegir etiqueta
Sense etiquetes, Sigues el primer a etiquetar aquest registre!

MARC

LEADER 00000nam a2200000 a 4500
001 UCH8535
003 CL-VaPUC
008 091127e19900000CL |||||||||||||||||spa|d
020 |a 9561315610 
082 0 4 |a 863  |b BAL  |2 21 
100 0 |a Balcells, Jacqueline  |e author  |9 545122 
700 |a Güiraldes, Ana María  |e author  |9 571895 
245 1 0 |a Cuentos ecológicos y mitológicos 
250 |a 1a. ed 
300 |a 95 p 
942 |c BK 
945 |d 20091127 00:00:00  |a lazolas 
260 |a Santiago  |b Andrés Bello  |c 1990 
500 |a Ilustrado por Andrés Jullian 
650 0 |a Literatura universal  |9 420446 
650 7 |a CUENTOS FANTASTICOS  |2 CL-VaPUC  |9 345080 
650 0 |a Mitos y leyendas  |9 409902 
583 |a last modification  |c 20111004 11:35:23  |k Rodrigo Vera 
999 |c 338746  |d 338744